Państwa produkujące najwięcej energii słonecznej - Statystyki

Ogólne statystyki
  • Ten quiz został rozwiązany 7 472 razy
    995 od ostatniego zresetowania
  • Średni wynik to 17 z 20
Statystyki odpowiedzi
Generowana energia (TWh) Państwo % Poprawnych
303,17 Stany Zjednoczone
99%
834,10 Chiny
98%
58,60 Hiszpania
95%
74,68 Brazylia
94%
23,57 Francja
94%
70,99 Niemcy
94%
102,02 Japonia
93%
35,81 Włochy
93%
133,81 Indie
92%
49,84 Australia
90%
27,55 Meksyk
90%
15,23 Polska
90%
15,56 Wielka Brytania
85%
25,67 Turcja
83%
20,01 Republika Południowej Afryki
80%
32,73 Korea Południowa
79%
21,65 Holandia
68%
19,92 Chile
66%
18,81 Pakistan
60%
26,02 Wietnam
54%
Nie znaleziono quizów pasujących do podanych kryteriów
Rozkład punktacji
Procent ludzi z każdym wynikiem
Percentyl według liczby udzielonych odpowiedzi
Twoja historia wyników
Nie rozwiązałeś tego quizu od ostatniego zresetowania